BRIEF SOCIAL HISTORY OF TUBERCULOSIS key challenges to global health.

A Brief Social History of Tuberculosis delves into the history of tuberculosis and its impact on human populations. Drawing on research and expertexperiences, the three research chapters (3-5) will explore how the disease has affected communities throughout history, and how society has responded to...

Full description

Bibliographic Details
Corporate Author: Taylor & Francis
Other Authors: Chakraborty, Arnab, Jayawickrama, Janaka, Zhang, Yong-an
Format: eBook
Language:English
Published: [S.l.] : ROUTLEDGE, 2024.
Subjects:
Online Access:Connect to the full text of this electronic book

MARC

Tag First Indicator Second Indicator Subfields
LEADER 00000cam a2200000M 4500
001 in00005614421
006 m o d
007 cr |n|||||||||
008 241009s2024 xx o 0|| 0 eng d
005 20250124213644.1
035 |a (OCoLC)on1458997600 
040 |a YDX  |b eng  |c YDX  |d TYFRS  |d OCLCO  |d TYFRS  |d N$T 
020 |a 9781040264119  |q (electronic bk.) 
020 |a 1040264115  |q (electronic bk.) 
020 |a 9781032634647  |q (electronic bk.) 
020 |a 1032634642  |q (electronic bk.) 
020 |a 9781040264171  |q (electronic bk. : EPUB) 
020 |a 1040264174  |q (electronic bk. : EPUB) 
020 |z 1032634618 
020 |z 9781032634616 
024 7 |a 10.4324/9781032634647  |2 doi 
035 |a (OCoLC)1458997600 
037 |a 9781032634647  |b Taylor & Francis 
050 4 |a RC311 
072 7 |a HIS  |x 054000  |2 bisacsh 
072 7 |a HIS  |x 017000  |2 bisacsh 
072 7 |a MED  |x 022090  |2 bisacsh 
072 7 |a PSXM  |2 bicssc 
082 0 4 |a 616.99/5  |2 23/eng/20241031 
049 |a TXAM 
245 0 0 |a BRIEF SOCIAL HISTORY OF TUBERCULOSIS  |b key challenges to global health. 
260 |a [S.l.] :  |b ROUTLEDGE,  |c 2024. 
300 |a 1 online resource 
336 |a text  |b txt  |2 rdacontent 
337 |a computer  |b c  |2 rdamedia 
338 |a online resource  |b cr  |2 rdacarrier 
520 |a A Brief Social History of Tuberculosis delves into the history of tuberculosis and its impact on human populations. Drawing on research and expertexperiences, the three research chapters (3-5) will explore how the disease has affected communities throughout history, and how society has responded to the threat of tuberculosis over time. Tuberculosis has been a persistent and devastating force from the crowded cities of the Industrial Revolution to the present day. However, this book will argue that there is much to be learned from the successes and failures of past efforts to control the disease from a social perspective. By examining the history of tuberculosis, researchers and policymakers can gain valuable insights into the challenges of infectious disease control, as well as the social and political factors that shape our response to such challenges. This volume will focus on generating critical discussions among scholars, researchers, and policymakers:it will be informative, engaging, and an essential read for anyone interested in the history of medicine, public health, and the ongoing struggle against infectious diseases worldwide. 
545 0 |a Arnab Chakraborty, College of Liberal Arts, Shanghai University, China. Arnab is a research fellow and a historian of global health, medicine, and diseases. He has conducted his research in India, the UK, the USA,thePhilippines, and Fiji. Arnab's current research lies at the intersection of health policies, migration studies, and the history of medicine in non-Western societies within the context of development. Janaka Jayawickrama, College of Liberal Arts, Shanghai University, China. Janaka is professor of social anthropology and has been collaborating with conflict and disaster-affected communities in Asia, Africa, and the Middle East to facilitate wellbeing. He has conducted frontline humanitarian responses, research, evaluations, and policy analysis for the UN, governments, and humanitarian agencies since 1994. Janaka is also the Director of the Research Centre for Health and Wellbeing. Yong-an Zhang, College of Liberal Arts, Shanghai University, China. Yong-an is a professor of history and Director of the International Center for Drug Policy Studies. He has been conducting policy research from a historical perspective and focuses on their delivery for the benefit of the people. 
650 0 |a Tuberculosis  |x History. 
650 0 |a Tuberculosis  |x Social aspects. 
650 6 |a Tuberculose  |x Histoire. 
650 6 |a Tuberculose  |x Aspect social. 
650 7 |a HISTORY / Social History  |2 bisacsh 
650 7 |a HISTORY / Asia / India & South Asia  |2 bisacsh 
650 7 |a MEDICAL / Infectious Diseases  |2 bisacsh 
655 7 |a Electronic books.  |2 local 
700 1 |a Chakraborty, Arnab. 
700 1 |a Jayawickrama, Janaka. 
700 1 |a Zhang, Yong-an. 
710 2 |a Taylor & Francis. 
776 0 8 |i Print version:  |z 1032634618  |z 9781032634616  |w (OCoLC)1446794772 
856 4 0 |u https://www.taylorfrancis.com/books/9781032634647  |z Connect to the full text of this electronic book  |t 0 
955 |a Taylor & Francis Open Access ebooks 
994 |a 92  |b TXA 
999 f f |s 1731df0f-f057-4bb5-9faf-32e5e6b7ef58  |i f2696119-3786-4103-9ce8-be214f1d2d55  |t 0 
952 f f |a Texas A&M University  |b College Station  |c Electronic Resources  |d Available Online  |t 0  |e RC311   |h Library of Congress classification 
998 f f |a RC311   |t 0  |l Available Online